Vizsgarend
Informácia o harmonograme skúšok na záver školského roka 1912/1913, ktoré organizuje Humenská židovská obecná škola v dňoch 17.-19. 06. 1913. Na záver školského roka budú odmenení úspešní žiaci a bude zorganizovaná záverečná slávnosť.
| Médium: | Článok |
|---|---|
| Jazyk: | Hungarian |
| Témy: | |
| Zdroj: |
1. Homonna és Vidéke : Hetilap 1. Roč. 13, č. 25 (15.06.1913) s. 2 |
| LEADER | 01019nab#a2200313#ar4500 | ||
|---|---|---|---|
| 001 | 000071964 | ||
| 003 | SVKKK | ||
| 005 | 20020114xxxxxxx. | ||
| 008 | 06 c xo huno | ||
| FMT | |||
| 038 | |a SVKKK | ||
| 040 | |a SVKKK |b slo |e AACR2 | ||
| 041 | 0 | |a hun | |
| 044 | |a xo |c SK | ||
| 080 | |a 296 | ||
| 242 | 1 | 0 | |a Harmonogram skúšok |
| 245 | 0 | 0 | |a Vizsgarend |
| 500 | |a mikrofilm | ||
| 520 | 2 | |a Informácia o harmonograme skúšok na záver školského roka 1912/1913, ktoré organizuje Humenská židovská obecná škola v dňoch 17.-19. 06. 1913. Na záver školského roka budú odmenení úspešní žiaci a bude zorganizovaná záverečná slávnosť. | |
| 650 | 0 | 4 | |a Humenská židovská obecná škola - skúšky - harmonogram - Humenné - 17.06.-19.06.1913 - správy |
| 773 | 0 | |t Homonna és Vidéke : Hetilap |g Roč. 13, č. 25 (15.06.1913) s. 2 | |
| 957 | |a Humenné | ||
| 958 | |a CI | ||
| 958 | |a DG | ||
| 958 | |a SK | ||
| 974 | |a Ba |d 20020114 | ||
| 992 | |a RBX | ||
| BAS | |||
| 998 | |a RETRO | ||